| 000 | 00981cam a22002655a 4500 | ||
|---|---|---|---|
| 001 | 14845430 | ||
| 005 | 20171120143815.0 | ||
| 008 | 070510t2007 xxua frbf 001 0 eng d | ||
| 020 | _a0071475745 | ||
| 020 | _a9780071475747 | ||
| 040 |
_aEG-ScBUE _beng _cEG-ScBUE _dEG-ScBUE |
||
| 082 | 0 | 4 |
_a621.3824 _222 _bANT |
| 245 | 0 | 0 |
_aAntenna engineering : _bhandbook / _c[edited by] John L. Volakis. |
| 250 | _a4th ed. | ||
| 260 |
_aNew York : _bMcGraw-Hill, _cc.2007. |
||
| 300 |
_a1 v. [Various pagings] : _bill. (col.) ; _c23 cm. |
||
| 500 | _aIncludes index. | ||
| 500 | _aRichard C. Johnson (editor of second and third editions) | ||
| 500 | _aHenry Jasik (editor of first editions) | ||
| 504 | _aIncludes bibliographical references. | ||
| 650 | 7 |
_aAntennas (Electronics) _vHandbooks, manuals, etc. _931199 _2BUEsh |
|
| 653 |
_bENGGEN _cOctober2012 _cJanuary2014 _cNovember2017 |
||
| 700 | 1 |
_aVolakis, John Leonidas, _d1956- _931200 _eeditor. |
|
| 942 |
_2ddc _cREFERENCE _k621.3824 ANT |
||
| 999 |
_c10640 _d10640 |
||